Kora:stories and poems (Record no. 223047)

MARC details
000 -LEADER
fixed length control field 00524nam a22002057a 4500
005 - DATE AND TIME OF LATEST TRANSACTION
control field 20220524140923.0
008 - FIXED-LENGTH DATA ELEMENTS--GENERAL INFORMATION
fixed length control field 220521b ||||| |||| 00| 0 eng d
040 ## - CATALOGING SOURCE
Transcribing agency AL
041 ## - LANGUAGE CODE
Language code of text/sound track or separate title English
082 ## - DEWEY DECIMAL CLASSIFICATION NUMBER
Edition number 23
Classification number 895.1
Item number TSUK
100 ## - MAIN ENTRY--PERSONAL NAME
Personal name Tenzin Tsundue
100 ## - MAIN ENTRY--PERSONAL NAME
9 (RLIN) 38753
245 ## - TITLE STATEMENT
Title Kora:stories and poems
250 ## - EDITION STATEMENT
Edition statement 4
260 ## - PUBLICATION, DISTRIBUTION, ETC.
Place of publication, distribution, etc. Kangra
Name of publisher, distributor, etc. Tibet Writes
Date of publication, distribution, etc. 2003
300 ## - PHYSICAL DESCRIPTION
Extent 55 p.
Other physical details PB
Dimensions 21x13 cm.
365 ## - TRADE PRICE
Currency code
Unit of pricing ₹50.00
650 ## - SUBJECT ADDED ENTRY--TOPICAL TERM
Topical term or geographic name entry element Stories and poems
9 (RLIN) 38342
700 ## - ADDED ENTRY--PERSONAL NAME
Personal name TSUNDUE (Tenzin)
9 (RLIN) 38343
942 ## - ADDED ENTRY ELEMENTS (KOHA)
Source of classification or shelving scheme Dewey Decimal Classification
Koha item type George Fernandes Collections
Holdings
Withdrawn status Lost status Source of classification or shelving scheme Damaged status Not for loan Collection code Home library Current library Date acquired Total Checkouts Full call number Barcode Date last seen Price effective from Koha item type
    Dewey Decimal Classification     Others St Aloysius Library St Aloysius Library 03/23/2013   895.1 TSUK GF02395 05/21/2022 05/21/2022 George Fernandes Collections